000 00444nam a22001697a 4500
005 20180615111249.0
008 160512b xxu||||| |||| 00| 0 eng d
020 _a978-0230-63015-4
041 _aeng
082 _b1768
_a657.42
100 _aKothari, Rajesh Gorha, Ashish K.
_9528
245 _aManagement Accounting (Concepts & Applications)
260 _aDelhi
_bMacmillan
_c2007
300 _a352
650 _aManagement
_9241
942 _cBK
999 _c682
_d682